| 000 -CABECERA |
| campo de control de longitud fija |
00652nab a2200301Ia 4500 |
| 001 - NÚMERO DE CONTROL |
| campo de control |
551 |
| 008 - DATOS DE LONGITUD FIJA--INFORMACIÓN GENERAL |
| campo de control de longitud fija |
191123s9999 xx 000 0 und d |
| 041 ## - CÓDIGO DE LENGUA |
| Código de lengua del texto/banda sonora o título independiente |
fre |
| 100 ## - ENTRADA PRINCIPAL--NOMBRE DE PERSONA |
| Nombre de persona |
Figari, Pedro, |
| 260 ## - PUBLICACIÓN, DISTRIBUCIÓN, ETC. |
| Fecha de publicación, distribución, etc. |
1930. |
| 245 #0 - MENCIÓN DE TÍTULO |
| Título |
Dans l'autre monde |
| 300 ## - DESCRIPCIÓN FÍSICA |
| Otras características físicas |
ilus. |
| 490 #0 - MENCIÓN DE SERIE |
| Mención de serie |
Revue de l'Amerique Latine |
| 500 ## - NOTA GENERAL |
| Nota general |
Traduit de l'espagnol par Ch. Lesca |
| 550 ## - NOTA DE ENTIDAD RESPONSABLE |
| Nota de entidad responsable |
ilus. |
| 650 ## - PUNTO DE ACCESO ADICIONAL DE MATERIA--TÉRMINO DE MATERIA |
| Término de materia o nombre geográfico como elemento de entrada |
FIGARI, PEDRO |
| 650 ## - PUNTO DE ACCESO ADICIONAL DE MATERIA--TÉRMINO DE MATERIA |
| Término de materia o nombre geográfico como elemento de entrada |
PINTURA |
| 650 ## - PUNTO DE ACCESO ADICIONAL DE MATERIA--TÉRMINO DE MATERIA |
| Término de materia o nombre geográfico como elemento de entrada |
URUGUAY |
| 902 ## - ELEMENTOS DE DATOS B LOCAL, LDB (RLIN) |
| a |
S |
| 903 ## - ELEMENTOS DE DATOS C LOCAL, LDC (RLIN) |
| a |
a |
| 904 ## - ELEMENTOS DE DATOS D LOCAL, LDD (RLIN) |
| a |
as |
| 907 ## - ELEMENTOS DE DATOS G LOCAL, LDG (RLIN) |
| a |
Impreso |
| 911 ## - EQUIVALENCIA O REFERENCIA-CRUZADA-NOMBRE DE CONFERENCIA O REUNIÓN/CONGRESO [LOCAL, CANADÁ] |
| Nombre de congreso/reunión o jurisdicción como elemento de entrada |
ilus. |
| 912 ## - |
| -- |
1930 |
| 920 ## - |
| -- |
20, n.103 |
| 942 ## - ELEMENTOS DE PUNTO DE ACCESO ADICIONAL (KOHA) |
| Tipo de ítem Koha |
Analítica |